ˆ[‰Издания]. Вып. 88: Световые сигналы и их обслуживание (Запись № 13617911)

Подробности
000 -МАРКЕР
контрольное поле 01218nam2a2200241 4500
001 - ИДЕНТИФИКАТОР ЗАПИСИ
контрольное поле rc\3014562
005 - ИДЕНТИФИКАТОР ВЕРСИИ
контрольное поле 20260315064331.0
035 ## - ДРУГИЕ СИСТЕМНЫЕ НОМЕРА
Идентификатор записи (NLR Aleph) 007156914
100 ## - ДАННЫЕ ОБЩЕЙ ОБРАБОТКИ
Данные общей обработки 20110925d1940 u y0rusy50 ca
101 0# - ЯЗЫК РЕСУРСА
Язык текста, звукозаписи и т.д. русский
102 ## - СТРАНА ПУБЛИКАЦИИ ИЛИ ПРОИЗВОДСТВА
Страна публикации Российская Федерация
105 ## - ПОЛЕ КОДИРОВАННЫХ ДАННЫХ: ТЕКСТОВЫЕ МАТЕРИАЛЫ, МОНОГРАФИЧЕСКИЕ
Кодированные данные о монографическом текстовом документе y z |||||
200 1# - ЗАГЛАВИЕ И СВЕДЕНИЯ ОБ ОТВЕТСТВЕННОСТИ
Основное заглавие Световые сигналы и их обслуживание
210 ## - ПУБЛИКАЦИЯ, РАСПРОСТРАНЕНИЕ И ДР.
Дата издания, распространения и т.д. 1940
461 #0 - УРОВЕНЬ НАБОРА
Встроенное поле 001rc\3014488
-- 2001#$aˆ[‰Издания]$eВып. 8-$fНауч.-исслед. ин-т железнодорожного транспорта$vВып. 88
Системный номер (АБИС) связанной записи 7208746
Автор Всесоюзный научно-исследовательский институт железнодорожного транспорта
Место публикации Москва
Дата публикации 1936
Первые сведения об ответственности Науч.-исслед. ин-т железнодорожного транспорта
Имя издателя, распространителя и т.д. Трансжелдориздат
Сведения, относящиеся к заглавию Вып. 8-
Заглавие ˆ[‰Издания]
Номер тома Вып. 88
700 #1 - ИМЯ ЛИЦА - ПЕРВИЧНАЯ ОТВЕТСТВЕННОСТЬ
Графика поля Кириллица
Материалы, к которым относится поле rus
Начальный элемент ввода Белов
Часть имени, кроме начального элемента ввода К. П.
Дополнения к именам, кроме дат канд. техн. наук, ж.-д. транспорт
Расширение инициалов личного имени Константин Павлович
Системный номер авторитетной/нормативной записи 271200
Идентификатор авторитетной/нормативной записи RU\NLR\AUTH\770271256
801 #0 - ИСТОЧНИК ЗАПИСИ
Страна Российская Федерация
Организация NLR
Правила каталогизации psbo
801 #1 - ИСТОЧНИК ЗАПИСИ
Страна Российская Федерация
Организация ELAR
Источник данных rusmarc
852 ## - МЕСТОНАХОЖДЕНИЕ И ШИФР ХРАНЕНИЯ
Идентификатор организации NLR
Шифр хранения (Call Number) 36-18/225
942 ## - ДОПОЛНИТЕЛЬНЫЕ ЭЛЕМЕНТЫ ЗАПИСИ (АБИС)
Тип экземпляра АБИС Неопределено
980 ## - КОЛЛЕКЦИЯ
Название коллекции Национальная библиография

Нет доступных экземпляров.